Transients in linear systems studied by the Laplace transformation (Record no. 543755)

000 -LEADER
fixed length control field 00732cam a22001931 4500
082 ## - DEWEY DECIMAL CLASSIFICATION NUMBER
Classification number 511.33
Author Mark GAR
-- L-1, P-21
100 1# - MAIN ENTRY--PERSONAL NAME
Personal name Gardner, Murray Frank,
9 (RLIN) 39232
245 10 - TITLE STATEMENT
Title Transients in linear systems studied by the Laplace transformation
Statement of responsibility, etc. [by] Murray F. Gardner ... and John L. Barnes ...
250 ## - EDITION STATEMENT
Edition statement 3rd edition.
260 ## - PUBLICATION, DISTRIBUTION, ETC.
Place of publication, distribution, etc. New York,
Name of publisher, distributor, etc. J. Wiley & Sons, inc.;
Place of publication, distribution, etc. London,
Name of publisher, distributor, etc. Chapman & Hall, limited,
Date of publication, distribution, etc. 1942-
300 ## - PHYSICAL DESCRIPTION
Extent 389p.:
Other physical details tables, diagrs.
Dimensions 24 cm.
505 1# - FORMATTED CONTENTS NOTE
Formatted contents note I. Lumped-constant systems.
526 ## - STUDY PROGRAM INFORMATION NOTE
Program name 0
Interest level 0
Reading level 0
Title point value 511_330000000000000_GAR
650 #0 - SUBJECT ADDED ENTRY--TOPICAL TERM
Topical term or geographic name entry element MCE
9 (RLIN) 379
650 #0 - SUBJECT ADDED ENTRY--TOPICAL TERM
Topical term or geographic name entry element Transformations (Mathematics)
9 (RLIN) 39233
650 #0 - SUBJECT ADDED ENTRY--TOPICAL TERM
Topical term or geographic name entry element Transients (Electricity)
9 (RLIN) 39234
700 1# - ADDED ENTRY--PERSONAL NAME
Personal name Barnes, John Landes,
9 (RLIN) 39235
942 ## - ADDED ENTRY ELEMENTS (KOHA)
Source of classification or shelving scheme
Koha item type Book
Holdings
Withdrawn status Lost status Source of classification or shelving scheme Damaged status Not for loan Permanent Location Current Location Date acquired Total Checkouts Full call number Barcode Date last seen Price effective from Koha item type
          Military College of Engineering (MCE) Military College of Engineering (MCE) 04/01/2014   511.33 GAR MCE-5356 04/01/2014 04/01/2014 Book
© 2023 Central Library, National University of Sciences and Technology. All Rights Reserved.